[Event "Blankenese op 3rd"]
[Site "Hamburg"]
[Date "2019.10.04"]
[Round "4"]
[White "Burgtorf, Benjamin"]
[Black "Reinecke, Gerd"]
[Result "1-0"]
[WhiteElo "1807"]
[BlackElo "1402"]
[PlyCount "47"]
[EventDate "2019.10.03"]
[EventType "swiss"]
[EventRounds "7"]
[EventCountry "GER"]
[SourceTitle "EXT 2023"]
[Source "ChessBase"]
[SourceDate "2022.10.05"]
[SourceVersion "1"]
[SourceVersionDate "2022.10.05"]
[SourceQuality "1"]

1. Nf3 Nf6 2. c4 e5 3. Nxe5 d6 4. Nf3 Be7 5. g3 0-0 6. Bg2 Be6 7. d3 c6 8. 0-0 Nbd7 9. Nc3 d5 10. Nd4 Nb6 11. Nxe6 fxe6 12. cxd5 exd5 13. b3 Qc7 14. Qc2 Rae8 15. Re1 Bc5 16. Bf4 Qd7 17. Rad1 Bxf2+ 18. Kxf2 Ng4+ 19. Kg1 Rxf4 20. gxf4 Ne3 21. Qd2 Nxg2 22. Kxg2 Qg4+ 23. Kh1 Re6 24. Rg1 1-0

[Event "Blankenese op 3rd"]
[Site "Hamburg"]
[Date "2019.10.03"]
[Round "2"]
[White "Reinecke, Gerd"]
[Black "Dumjahn, Carsten"]
[Result "0-1"]
[WhiteElo "1402"]
[BlackElo "2023"]
[PlyCount "72"]
[EventDate "2019.10.03"]
[EventType "swiss"]
[EventRounds "7"]
[EventCountry "GER"]
[SourceTitle "EXT 2023"]
[Source "ChessBase"]
[SourceDate "2022.10.05"]
[SourceVersion "1"]
[SourceVersionDate "2022.10.05"]
[SourceQuality "1"]

1. e4 e6 2. d4 d5 3. e5 c5 4. c3 Nc6 5. Be3 Qb6 6. Qd2 Nh6 7. Nf3 Nf5 8. Bd3 cxd4 9. cxd4 Be7 10. Nc3 Nxe3 11. fxe3 0-0 12. 0-0 Nb4 13. Bb1 a5 14. a3 Nc6 15. Qc2 g6 16. Kh1 Bd7 17. Qf2 f6 18. Qg3 f5 19. Bd3 Na7 20. h4 Rf7 21. h5 g5 22. Nh4 Kf8 23. Nxf5 exf5 24. Nxd5 Qh6 25. Nxe7 Qxh5+ 26. Kg1 Kxe7 27. Bc4 Rff8 28. d5 Qh4 29. d6+ Ke8 30. Qxh4 gxh4 31. e6 Bb5 32. Bxb5+ Nxb5 33. e7 Rf6 34. Rxf5 Rxf5 35. Rd1 Kd7 36. e4 Re5 0-1

[Event "Blankenese op 1st"]
[Site "Hamburg"]
[Date "2017.10.03"]
[Round "1.33"]
[White "Kolthoff, Siegmund"]
[Black "Reinecke, Gerd"]
[Result "1-0"]
[WhiteElo "1962"]
[BlackElo "1460"]
[PlyCount "85"]
[EventDate "2017.09.30"]
[EventType "swiss"]
[EventRounds "7"]
[EventCountry "GER"]
[SourceTitle "EXT 2020"]
[Source "ChessBase"]
[SourceDate "2019.10.17"]
[SourceVersion "1"]
[SourceVersionDate "2019.10.17"]
[SourceQuality "1"]

1. Nf3 g6 2. d4 Bg7 3. e4 c5 4. d5 d6 5. h3 Nd7 6. Be2 Ngf6 7. Nc3 0-0 8. 0-0 a6 9. a4 b6 10. Bf4 Bb7 11. Re1 Ne8 12. Qd2 Qc7 13. Rad1 Rd8 14. Bh6 e6 15. dxe6 fxe6 16. Bxg7 Kxg7 17. Ng5 Rf6 18. Bc4 d5 19. exd5 Ne5 20. Ba2 h6 21. Qe2 hxg5 22. Qxe5 Qxe5 23. Rxe5 exd5 24. Nxd5 Bxd5 25. Rdxd5 Rxd5 26. Bxd5 Rf5 27. Rxe8 Rxd5 28. Re6 Rd1+ 29. Kh2 Rd2 30. Kg3 Rxc2 31. Rxb6 c4 32. a5 Kf7 33. f3 Ke7 34. Rxa6 Rxb2 35. Rc6 Rb4 36. a6 Ra4 37. Rxg6 Kd7 38. Rxg5 Rxa6 39. Rg7+ Kc8 40. Kf2 Rc6 41. Ke2 Rd6 42. Rg4 c3 43. Rc4+ 1-0

[Event "Blankenese op 1st"]
[Site "Hamburg"]
[Date "2017.10.01"]
[Round "3.43"]
[White "Von Rosen, Anna"]
[Black "Reinecke, Gerd"]
[Result "0-1"]
[WhiteElo "905"]
[BlackElo "1602"]
[PlyCount "92"]
[EventDate "2017.09.30"]
[EventType "swiss"]
[EventRounds "7"]
[EventCountry "GER"]
[SourceTitle "EXT 2020"]
[Source "ChessBase"]
[SourceDate "2019.10.17"]
[SourceVersion "1"]
[SourceVersionDate "2019.10.17"]
[SourceQuality "1"]

1. e4 Nf6 2. Nc3 d6 3. d4 g6 4. Nf3 Bg7 5. Bc4 0-0 6. Bf4 Nbd7 7. 0-0 c5 8. Qe2 cxd4 9. Nd5 Nxd5 10. Bxd5 Re8 11. Qd2 e6 12. Bb3 Qb6 13. Rad1 Ne5 14. Bxe5 dxe5 15. c3 Rd8 16. Qe2 Bd7 17. Rd3 Bb5 18. c4 Bc6 19. Rc1 Rac8 20. c5 Qc7 21. Ng5 Qe7 22. Qg4 Bd7 23. f4 Bh6 24. Qh4 Bxg5 25. fxg5 Qf8 26. Rf1 Bb5 27. Rh3 Qg7 28. Rf6 Bd7 29. Rhf3 Rf8 30. Qg3 Rxc5 31. h4 h5 32. gxh6 Qxh6 33. Qg5 Rc1+ 34. Kh2 Rc6 35. Rg3 Kh7 36. Rh3 Qh5 37. Qg3 b5 38. Qf2 Kg7 39. Rhf3 g5 40. Bd1 Qxh4+ 41. Qxh4 gxh4 42. Kh3 Rc1 43. Be2 Rc2 44. Bd3 Rxb2 45. Kxh4 Rxg2 46. Kh5 Rh8+ 0-1

[Event "Bad Zwesten op 17th"]
[Site "Bad Zwesten"]
[Date "2017.01.03"]
[Round "2"]
[White "Reinecke, Gerd"]
[Black "Roeser, Axel"]
[Result "1/2-1/2"]
[WhiteElo "1650"]
[BlackElo "1845"]
[PlyCount "57"]
[EventDate "2017.01.02"]
[EventType "swiss"]
[EventRounds "7"]
[EventCountry "GER"]
[SourceTitle "CBM 176 Extra"]
[Source "ChessBase"]
[SourceDate "2017.03.02"]
[SourceVersion "1"]
[SourceVersionDate "2017.03.02"]
[SourceQuality "1"]

1. e4 e5 2. Nf3 Nf6 3. Nxe5 d6 4. Nf3 Nxe4 5. Nc3 Nxc3 6. dxc3 Be7 7. Bf4 Nc6 8. Qd2 Be6 9. 0-0-0 a6 10. Kb1 h6 11. Bd3 Qd7 12. Nd4 Nxd4 13. cxd4 d5 14. Rhe1 0-0-0 15. h3 g5 16. Bh2 Bd6 17. f4 f5 18. fxg5 Bxh2 19. g4 fxg4 20. Qxh2 Kb8 21. hxg4 Bxg4 22. gxh6 Bxd1 23. Rxd1 Qd6 24. Qxd6 Rxd6 25. h7 Rh6 26. Rg1 R8xh7 27. Bxh7 Rxh7 28. b3 Rh3 29. Rg8+ 1/2-1/2

[Event "GER Seniors Derby 14th"]
[Site "Wesel Undeloh"]
[Date "2015.04.18"]
[Round "7"]
[White "Reinecke, Gerd"]
[Black "Fenn Ries, Ruediger"]
[Result "1/2-1/2"]
[WhiteElo "1469"]
[BlackElo "1244"]
[PlyCount "75"]
[EventDate "2015.04.15"]
[EventType "swiss"]
[EventRounds "9"]
[EventCountry "GER"]
[SourceTitle "EXT 2018"]
[Source "ChessBase"]
[SourceDate "2017.10.13"]
[SourceVersion "1"]
[SourceVersionDate "2017.10.13"]
[SourceQuality "1"]

1. e4 c5 2. Nf3 Nc6 3. d4 e6 4. d5 exd5 5. exd5 Qe7+ 6. Be2 Ne5 7. 0-0 Nf6 8. Re1 d6 9. h3 Bf5 10. c4 0-0-0 11. Nc3 Qd7 12. Qa4 Qxa4 13. Nxa4 Re8 14. Nxe5 Rxe5 15. Bf4 Re8 16. Nc3 a6 17. Bf3 Rg8 18. Rxe8+ Nxe8 19. Ne4 Kd7 20. Re1 Nf6 21. Nxf6+ gxf6 22. g4 Bg6 23. Kf1 h5 24. gxh5 Bd3+ 25. Be2 Bxe2+ 26. Rxe2 Rh8 27. h6 Bxh6 28. Bxh6 Rxh6 29. Re3 Rh4 30. b3 b5 31. cxb5 axb5 32. Ke2 Rd4 33. Rd3 Re4+ 34. Re3 Rd4 35. Rd3 Re4+ 36. Kd2 Rf4 37. Ke3 Rh4 38. Kd2 1/2-1/2

[Event "GER Seniors Derby 14th"]
[Site "Wesel Undeloh"]
[Date "2015.04.16"]
[Round "2"]
[White "Reinecke, Gerd"]
[Black "Winterstein, Holger"]
[Result "0-1"]
[WhiteElo "1469"]
[BlackElo "1786"]
[PlyCount "46"]
[EventDate "2015.04.15"]
[EventType "swiss"]
[EventRounds "9"]
[EventCountry "GER"]
[SourceTitle "EXT 2018"]
[Source "ChessBase"]
[SourceDate "2017.10.13"]
[SourceVersion "1"]
[SourceVersionDate "2017.10.13"]
[SourceQuality "1"]

1. e4 e5 2. Nf3 Nc6 3. Bc4 d6 4. c3 Nf6 5. d3 Be7 6. 0-0 0-0 7. h3 Rb8 8. Bb3 Na5 9. Bc2 b5 10. Be3 c5 11. b4 Nc6 12. a4 cxb4 13. axb5 Rxb5 14. Ba4 Ra5 15. cxb4 Nxb4 16. Qb3 d5 17. Nxe5 dxe4 18. Nc4 Be6 19. dxe4 Nxe4 20. Nc3 Nxc3 21. Qxc3 Rh5 22. Bxa7 Qc7 23. Qf3 Rf5 0-1